000 00923nam a2200253Ia 4500
003 OSt
005 20221005113140.0
006 a|||||r|||| 00| 0
007 ta
008 221004b |||||||| |||| 00| 0 pan d
020 _a9788182993402 (hbk)
_cINR 400.00
024 _a32309
037 _b794, 06/03/2017, H.K. Prakashan
_cTextual
040 _aCRL
_cCRL
_bpan
041 _2pan
_apan
082 _aO153,3NSI6,ST, Q6
100 _aਖਾਲਸਾ, ਰੇFਮ ਸਿੰਘ, ਂਚ.
245 0 _aਸੱਚ ਤੋ੍ਵ ਪਰੇ ਦੇ ਲੋਕ
260 _aਨਵੀ੍ਵ
_bਦਿੱਲੀ ਆਰਸੀ ਪਬਲਿFਰਗ਼ ਭਾਰਤ
_c2016
300 _a284ਪ੍ਰ0
_ccm.
650 _a ਪੰਜਾਬੀ ਨਾਵਲ
942 _hO153,3NSI6,ST, Q6
_cTEXL
_2cc
999 _c1027197
_d1027197